| 000 | 00569nam a2200193Ia 4500 | ||
|---|---|---|---|
| 005 | 20220711114646.0 | ||
| 008 | 210716s2003 xx 000 0 und d | ||
| 020 | _a007043476X | ||
| 040 | _cAIMIT LIBRARY | ||
| 041 | _aeng | ||
| 082 |
_a511.8 _22 _bLIUC |
||
| 100 |
_aLiu, C L. _948039 |
||
| 245 |
_aElements of discrete mathematics / _cBy C L Liu. |
||
| 250 | _a2nd ed. | ||
| 260 |
_aNew Delhi : _bTata McGraw Hill Publishing Company Ltd , _c2003. |
||
| 300 |
_axiv,433p. ; _c22 cm. |
||
| 650 |
_aSets and propositions _948040 |
||
| 942 |
_2ddc _cBK _e2nd _k511.8 LIUC |
||
| 999 |
_c185965 _d185965 |
||